Sustainability and the dynamics of green building (Record no. 114588)
[ view plain ]
| 000 -LEADER | |
|---|---|
| fixed length control field | 00981cad a22002295a 4500 |
| 001 - CONTROL NUMBER | |
| control field | L157090 |
| 008 - FIXED-LENGTH DATA ELEMENTS--GENERAL INFORMATION | |
| fixed length control field | 120829s2010 xxk f 000 0 eng d |
| 020 ## - INTERNATIONAL STANDARD BOOK NUMBER | |
| International Standard Book Number | 9781842196090 |
| 035 ## - SYSTEM CONTROL NUMBER | |
| System control number | (Sirsi) u157090 |
| 041 0# - LANGUAGE CODE | |
| Language code of text/sound track or separate title | eng |
| 100 1# - MAIN ENTRY--PERSONAL NAME | |
| Personal name | Eichholtz, Piet |
| 245 00 - TITLE STATEMENT | |
| Title | Sustainability and the dynamics of green building |
| Remainder of title | new evidence on the financial performance of green office buildings in the USA |
| Medium | [electronic resource] |
| 260 ## - PUBLICATION, DISTRIBUTION, ETC. | |
| Place of publication, distribution, etc. | London |
| Name of publisher, distributor, etc. | RICS |
| Date of publication, distribution, etc. | 2010 |
| 490 #0 - SERIES STATEMENT | |
| Series statement | RICS Research |
| 520 ## - SUMMARY, ETC. | |
| Summary, etc. | Examines the impact of the economic downturn and recent surge in investment in energy-efficient and sustainable office buildings. Importantly, it also disentangles the "green" premium. |
| 651 #4 - SUBJECT ADDED ENTRY--GEOGRAPHIC NAME | |
| Geographic name | United Kingdom |
| Chronological subdivision | |
| 690 ## - LOCAL SUBJECT ADDED ENTRY--TOPICAL TERM (OCLC, RLIN) | |
| Topical term or geographic name as entry element | Commercial property |
| 9 (RLIN) | 6227 |
| 700 1# - ADDED ENTRY--PERSONAL NAME | |
| Personal name | Kok, Nils |
| 700 1# - ADDED ENTRY--PERSONAL NAME | |
| Personal name | Quigley, John |
| 856 40 - ELECTRONIC LOCATION AND ACCESS | |
| Uniform Resource Identifier | <a href="www.rics.org/Global/Downloads/Sustainability_and_the_Dynamics_of_Green_Building.pdf">www.rics.org/Global/Downloads/Sustainability_and_the_Dynamics_of_Green_Building.pdf</a> |
| Public note | View the main report free of charge at www.rics.org |
| 942 ## - ADDED ENTRY ELEMENTS (KOHA) | |
| Suppress in OPAC | 0 |
| Withdrawn status | Lost status | Source of classification or shelving scheme | Damaged status | Not for loan | Home library | Current library | Shelving location | Date acquired | Total Checkouts | Full call number | Barcode | Date last seen | Copy number | Price effective from | Koha item type |
|---|---|---|---|---|---|---|---|---|---|---|---|---|---|---|---|
| Dewey Decimal Classification | Virtual | Virtual | Online | 29/08/2012 | ONLINE PUBLICATION | 157090-2001 | 06/08/2019 | 1 | 06/08/2019 | Book |